Statystyki dla Flagi z oceanii

Kliknij tutaj aby rozwiązać quiz!

Ogólne statystyki

  • Ten quiz został rozwiązany 30 razy
  • Średni wynik to 12 z 14

Statystyki odpowiedzi

Odpowiedź% Poprawnych
Australia
100%
Nowa Zelandia
100%
Fidżi
93%
Mikronezja
93%
Palau
93%
Vanuatu
93%
Wyspy Salomona
89%
Papua Nowa Gwinea
85%
Tuvalu
85%
Wyspy Marshalla
85%
Nauru
81%
Samoa
81%
Tonga
81%
Kiribati
70%

Rozkład punktacji

Percentyl według liczby udzielonych odpowiedzi

Procent ludzi z każdym wynikiem

Twoja historia wyników

Nie rozwiązałeś tego quizu